« Retourner aux résultats de recherche
Mon papa pirate
| Auteur principal: | Davide Cali |
|---|---|
| D'autres auteurs: | Maurizio A. C. Quarello |
| Support: | Livres |
| Langue: | Francais |
| Publié: |
2015 Les incorruptibles |
| Genre: |
Album |
| Sujets: | |
| Étiquettes: |
Ajouter
Pas de Tags !
|
| LEADER | 00580nam0a2200169 450 | ||
|---|---|---|---|
| 001 | 16822291 | ||
| 010 | |a 978-2-7511-0540-1 |b Br. | ||
| 100 | |a 20151006d2015 u u0frey01 ba | ||
| 101 | 0 | |a fre | |
| 200 | 0 | |a Mon papa pirate |f Davide Cali, Maurizio A. C. Quarello | |
| 207 | 1 | |a | |
| 210 | |c Les incorruptibles |d 2015 | ||
| 700 | 0 | |a Cali |b Davide |f 1972-.... |4 70 | |
| 701 | 0 | |a Quarello |b Maurizio A. C. |f 1974-.... |4 440 | |
| 900 | |a Album | ||
| 901 | |a Accessible au prêt | ||
| 995 | |a Bibliothèque |c Bibliothèque |f 024016233 |h 024016233 |k A2 CAL |o p |q j |r az |u les incos CE2/CM1 2015/2016 |e Bibliothèque | ||
